Máquinas eléctricas

Wedi'i Gadw mewn:
Manylion Llyfryddiaeth
Prif Awdur: Chapman, Stephen J (Awdur)
Fformat: Llyfr
Iaith:Sbaeneg
Cyhoeddwyd: Cuernavaca McGraw-Hill 2005
Pynciau:
Tagiau: Ychwanegu Tag
Dim Tagiau, Byddwch y cyntaf i dagio'r cofnod hwn!

MARC

LEADER 00000nam a2200000 a 4500
001 UCG2290
003 CL-VaPUC
008 100701e20050000MX |||||||||||||||||spa|d
020 |a 9789701049471 
082 0 4 |a 621.313  |b CHA  |2 21 
100 0 |a Chapman, Stephen J  |e author  |9 550724 
245 1 0 |a Máquinas eléctricas 
300 |a 746 p 
942 |c BK 
945 |d 20100701 00:00:00  |a dcastane 
260 |a Cuernavaca  |b McGraw-Hill  |c 2005 
650 0 |a Transformadores eléctricos   |9 263198 
650 0 |a Electrónica de potencia  |9 263153 
650 7 |a GENERADORES ELECTRICOS  |2 CL-VaPUC  |9 550725 
650 0 |a Motores eléctricos   |9 260085 
583 |a last modification  |c 20100701 00:00:00  |k Rodrigo Vera 
999 |c 341508  |d 341506